Pays aléatoire dans une langue étrangère - Statistiques

Statistiques générales
  • Ce quiz a été pris 70 fois
  • Le résultat moyen est 16 sur 20
Statistiques - réponses
Hint Réponse % Correct
Estados Unidos États-Unis
97%
Finland Finlande
97%
كندا (Kanada) Canada
96%
Egipto Égypte
95%
Frankreich France
95%
Türkei Turquie
95%
Alemania Allemagne
94%
Arabia Saudita Arabie Saoudite
94%
Brasil Brésil
94%
Grecia Grèce
94%
Indien Inde
93%
Itália Italie
93%
México Mexique
93%
Philippinen Philippines
93%
Colômbia Colombie
92%
Hungary Hongrie
92%
Marrocos Maroc
92%
أوكرانيا (Ukrāniyā) Ukraine
92%
Таиланд (Tailand) Thaïlande
91%
Áustria Autriche
90%
Indonesia Indonésie
90%
Norway Norvège
89%
Argentina Argentine
88%
باكستان (Bākistān) Pakistan
85%
Suecia Suède
85%
جنوب أفريقيا (Janūb Afrīqiyā) Afrique du Sud
83%
إسبانيا (Isbāniyā) Espagne
62%
Tschechien République Tchèque
59%
일본 (Ilbon) Japon
45%
波兰 (Bōlán) Pologne
36%
俄罗斯 (Éluósī) Russie
16%
Китай (Kitay) Chine
14%
英国 (Yīngguó) Royaume-Uni
14%
Aucun quiz correspondant
Distribution des résultats
% des personnes avec chaque résultat
Percentile par nombre de réponses
Votre historique - résultats
Vous n’avez pas pris ce quiz